| 000 | 00572nam a2200205Ia 4500 | ||
|---|---|---|---|
| 005 | 20221014120001.0 | ||
| 008 | 131103s9999 xx 000 0 und d | ||
| 040 | _aLoreto College | ||
| 041 | _aEnglish | ||
| 082 |
_a153.9 _bWIS |
||
| 245 |
_aIntelligence and ability _b selected readings _cedited by Stephen Wiseman |
||
| 260 |
_aHarmondsworth _bPenguin _c1967 |
||
| 300 | _a368p | ||
| 504 | _aIncludes bibliographical references and index | ||
| 650 | _aIntellegence | ||
| 651 | _aPsychology | ||
| 700 | _aWiseman, Stephen, ed. | ||
| 850 | _aLCLIB | ||
| 942 | _cBK | ||
| 999 |
_c19743 _d70222 |
||